| 000 | 01902nam0a22003131 4500 | ||
|---|---|---|---|
| 001 | rc\3418087 | ||
| 005 | 20260407144625.0 | ||
| 021 |
_aRU _b73-37980 |
||
| 021 |
_aRU _bРг8817-73 |
||
| 035 | _a(NLR Aleph) 007555470 | ||
| 090 |
_a5246737 _c5246737 |
||
| 100 | _a20130115d1973 |||y0rusy50 ca | ||
| 101 | 0 | _arus | |
| 102 | _aRU | ||
| 105 | _aa z ||||| | ||
| 200 | 1 |
_aРекомендации по подготовке и сравнительной оценке решений в задачах управления качеством продукции _eПервая ред. _fВсесоюз. науч.-исслед. ин-т стандартизации. Гос. ком. стандартов Совета Министров СССР. Ин-т проблем упр. (автоматики и телемеханики) М-ва приборостроения средств автоматизации и систем упр. СССР и АН СССР. Науч.-исслед. ин-т часовой пром-сти М-ва приборостроения, средств автоматизации и систем упр. СССР. Моск. горный ин-т М-ва высш. и сред. спец. образ. СССР |
|
| 210 |
_aМосква _cБ. и. _d1973 |
||
| 215 |
_a128 с. _cил. _d21 |
||
| 300 | _aНа 3-й с. авт.: канд. экон. наук Садовская В.А., канд. физ.-мат. наук Березанский И.А., канд. техн. наук Озерной В.М. [и др.] | ||
| 320 | _aБиблиогр.: с. 125-126 | ||
| 701 | 1 |
_aБерезанский _bИ.А. |
|
| 701 | 1 |
_aСадовская _bВ.А. |
|
| 701 | 1 |
_aОзерной _bМ.В. |
|
| 712 | 0 | 2 |
_aВНИИ стандартизации _3RU\NLR\AUTH\8810020283 _9538563 |
| 801 | 0 |
_aRU _bNLR _gpsbo |
|
| 801 | 1 |
_aRU _bELAR _2rusmarc |
|
| 852 |
_aNLR _j73-3/3673 |
||
| 942 | _cBOOK | ||
| 980 | _aNB | ||